000 01145naa a2200265 c 4500
001 46984
003 ES-MaCES
005 20160125124840.0
008 160118s2015 sp ||||| t||||||| ||spa d
040 _aES-MaCES
_bspa
_cES-MaCES
_dES-MaCES
100 1 _915632
_aKahale Carrillo, Djamil Tony
245 1 4 _aLas medidas españolas para promover la igualdad entre mujeres y hombres en el trabajo tras la reforma de 2012
_cDjamil Tony Kahale Carrillo
504 _aBibliografía: p. 66-67
650 4 _930147
_aigualdad de trato
650 4 _930649
_aigualdad de oportunidades en el empleo
650 4 _929521
_adiscriminación por razones de sexo
650 4 _928413
_atrabajadora
650 4 _928327
_acondiciones de trabajo
650 4 _929205
_aordenamiento del tiempo de trabajo
653 1 0 _aMujer
610 1 4 _92999
_aEspaña
_tLey de medidas urgentes para la reforma del mercado laboral
_d2012
773 0 _983792
_dMadrid Delta [2015]
_o086694
_tConciliación de la vida laboral y familiar y crisis económica
_w(ES-MaCES)46781
_z9788416383115
_gp.51-67 . - SR-6.0.1.-804
902 _aARL Artículo de libro
942 _2CES
_cAR
_h3.3.
999 _c46984
_d46984